| 000 | 00556nam a22001817a 4500 | ||
|---|---|---|---|
| 003 | NUST - PNEC | ||
| 005 | 20170116181002.0 | ||
| 008 | 150912b xxu||||| |||| 00| 0 eng d | ||
| 020 | _a9780071321174 | ||
| 020 | _a0071321179 | ||
| 040 | _cLIBRARY | ||
| 082 | _a621.38223 CAR | ||
| 100 |
_91283 _aCarlson A Bruce |
||
| 245 |
_aCommunication Systems : An introduction to signal and noise in electrical communication _cA.Bruce Carlson |
||
| 250 | _a5th ed. | ||
| 650 |
_99568 _aSignal theory (Telecommunication) _xMS Communication, MIS |
||
| 942 |
_2ddc _cBK |
||
| 999 |
_c66740 _d66740 |
||